| 000 | 01870nam a2200529 c 4500 | ||
|---|---|---|---|
| 001 | 23753 | ||
| 003 | ES-MaCES | ||
| 005 | 20150929131724.0 | ||
| 008 | 110503s2011 sp bd t o000 | spa d | ||
| 017 |
_aZ 496-2011 _bDL |
||
| 035 | _aCES20110003564m | ||
| 040 |
_aES-MaCES _bspa _cES-MaCES |
||
| 245 | 0 | 0 |
_aProductividad y empleo I _b: organización del trabajo, conciliación y absentismo _cinvestigador principal, Jesús Clemente ; equipo de investigación, María Asunción González Álvarez, Aida Galiano Martínez |
| 250 | _a1ª ed | ||
| 260 |
_aZaragoza _bCESA _c2011 |
||
| 300 |
_a271 p. _bgráf., mapas col. _c24 cm |
||
| 490 | 1 | _aColección Estudios | |
| 500 | _aÍndices | ||
| 504 | _aBibliografía: p. 253-258 | ||
| 541 | _cGratuito | ||
| 650 | 4 |
_aproductividad _928259 |
|
| 650 | 4 |
_aempleo _928299 |
|
| 650 | 4 |
_aanálisis del mercado de mano de obra _930745 |
|
| 650 | 4 |
_aorganización del trabajo _929209 |
|
| 650 | 4 |
_aconciliación _927303 |
|
| 650 | 4 |
_afamilia _927318 |
|
| 650 | 4 |
_atrabajo _928289 |
|
| 650 | 4 |
_aactitud sindical _929839 |
|
| 650 | 4 |
_anegociación colectiva _928362 |
|
| 650 | 4 |
_apolítica laboral _928290 |
|
| 650 | 4 |
_aabsentismo _930471 |
|
| 650 | 4 |
_aEspaña _926964 |
|
| 650 | 4 |
_aAragón _930778 |
|
| 650 | 4 |
_aEuropa _926940 |
|
| 650 | 4 |
_acomparación _928892 |
|
| 653 | 1 | 0 | _aRelaciones laborales-Empleo |
| 650 | 4 |
_928371 _aactitud de la dirección |
|
| 700 | 1 |
_aClemente, Jesús _99713 |
|
| 700 | 1 |
_aGonzález Álvarez, María Asunción _913747 |
|
| 700 | 1 |
_aGaliano Martínez, Aida _912598 |
|
| 710 | 2 |
_aConsejo Económico y Social de Aragón _eed. _92431 |
|
| 787 | 0 |
_tProductividad y empleo II _w(ES-MaCES)23864 |
|
| 830 | 0 |
_aColección Estudios (Consejo Económico y Social de Aragón) _934505 |
|
| 902 | _aLIB Libro | ||
| 942 |
_2CES _cBK _h2.0. |
||
| 999 |
_c23753 _d23753 |
||